<?xml version="1.0" encoding="UTF-8"?><marc:collection xmlns:marc="http://www.loc.gov/MARC21/slim">
  <marc:record>
    <marc:leader>00000nam  2200000za 4500</marc:leader>
    <marc:controlfield tag="001">9.823072</marc:controlfield>
    <marc:controlfield tag="003">CaOODSP</marc:controlfield>
    <marc:controlfield tag="005">20221107143821</marc:controlfield>
    <marc:controlfield tag="007">cr |||||||||||</marc:controlfield>
    <marc:controlfield tag="008">160824s2014    xxc    |o    f|0| 0 eng d</marc:controlfield>
    <marc:datafield tag="040" ind1=" " ind2=" ">
      <marc:subfield code="a">CaOODSP</marc:subfield>
      <marc:subfield code="b">eng</marc:subfield>
    </marc:datafield>
    <marc:datafield tag="043" ind1=" " ind2=" ">
      <marc:subfield code="a">n-cn---</marc:subfield>
    </marc:datafield>
    <marc:datafield tag="086" ind1="1" ind2=" ">
      <marc:subfield code="a">Fs154-38/2014E-PDF</marc:subfield>
    </marc:datafield>
    <marc:datafield tag="245" ind1="0" ind2="0">
      <marc:subfield code="a">Canadian Coast Guard - United States Coast Guard joint marine pollution contingency plan </marc:subfield>
      <marc:subfield code="h">[electronic resource].</marc:subfield>
    </marc:datafield>
    <marc:datafield tag="260" ind1=" " ind2=" ">
      <marc:subfield code="a">[Ottawa] : </marc:subfield>
      <marc:subfield code="b">[Fisheries and Oceans Canada], </marc:subfield>
      <marc:subfield code="c">[2014].</marc:subfield>
    </marc:datafield>
    <marc:datafield tag="300" ind1=" " ind2=" ">
      <marc:subfield code="a">20 p.</marc:subfield>
    </marc:datafield>
    <marc:datafield tag="520" ind1=" " ind2=" ">
      <marc:subfield code="a">"The need for the establishment of an international marine pollution contingency plan for the Canada-United States contiguous waters was recognized with the introduction of an international contingency plan, the Canada-United States Joint Marine Pollution Contingency Plan, for the Great Lakes, which was promulgated in 1974, under the Agreement Relating to the Establishment of Joint Pollution Contingency Plans for Spills of Oil and Other Noxious Substances, done at Ottawa June 19, 1974, and as contemplated in the Canada-United States Great Lakes Water Quality Agreement of 1972, as amended. In September of 1983, four additional geographically oriented annexes covering the Atlantic Coast, Pacific Coast, Dixon Entrance and the Beaufort Sea, were added to the plan. The plan was subsequently revised in 1984 and was replaced by a 2003 version. The responsible Canadian Coast Guard (CCG) Regional Directors and the United States Coast Guard (USCG) District Commanders were tasked to develop detailed Regional Annexes to the Joint Marine Pollution Contingency Plan for their respective transboundary regions"-introduction.</marc:subfield>
    </marc:datafield>
    <marc:datafield tag="692" ind1="0" ind2="7">
      <marc:subfield code="2">gccst</marc:subfield>
      <marc:subfield code="a">Water pollution</marc:subfield>
    </marc:datafield>
    <marc:datafield tag="710" ind1="2" ind2=" ">
      <marc:subfield code="a">Canadian Coast Guard.</marc:subfield>
    </marc:datafield>
    <marc:datafield tag="856" ind1="4" ind2="0">
      <marc:subfield code="q">PDF</marc:subfield>
      <marc:subfield code="s">135 KB</marc:subfield>
      <marc:subfield code="u">https://publications.gc.ca/collections/collection_2016/mpo-dfo/Fs154-38-2014-eng.pdf</marc:subfield>
    </marc:datafield>
  </marc:record>
</marc:collection>
